00529nam a22001457a 4500008004100000020001800041050002300059100004300082245003800125260002800163300001600191942000800207952015100215999001700366250519b |||||||| |||| 00| 0 eng d a0-415-11381-4 aPE 1421b.W75 1996 aWright, Laura and Hope,Jonathan918808 aStylistics:A Practical Coursebook aLondonbRoutledgec1996 axviii 237 P 2lcc 00102lcc406PE1421 W75 01996708LGL920500aEMBbEMBcGENd2025-05-19l0oPE 1421.W75 1996p10901/2014r2025-05-19 10:03:53t3w2025-05-19yBK c18969d18969